Najbardziej wartościowi szkoccy piłkarze w historii - Statystyki

Ogólne statystyki
  • Ten quiz został rozwiązany 40 razy
  • Średni wynik to 3 z 10
Statystyki odpowiedzi
Piłkarz Rok Wartość % Poprawnych
Andrew Robertson 2019 80 mln €
91%
Scott McTominay 2025 50 mln €
83%
John McGinn 2022 32 mln €
37%
Kieran Tierney 2020 32 mln €
37%
Billy Gilmour 2025 20 mln €
26%
Ché Adams 2022 22 mln €
20%
Darren Fletcher 2010 22 mln €
14%
Aaron Hickey 2023 30 mln €
6%
Lewis Ferguson 2025 28 mln €
6%
Ryan Fraser 2019 30 mln €
6%
Nie znaleziono quizów pasujących do podanych kryteriów
Rozkład punktacji
Procent ludzi z każdym wynikiem
Percentyl według liczby udzielonych odpowiedzi
Twoja historia wyników
Nie rozwiązałeś tego quizu